| 000 | 00000nam##2200000za#4500 |
| 001 | 9.568409 |
| 003 | CaOODSP |
| 005 | 20210624181245 |
| 007 | cr ||||||||||| |
| 008 | 150406|2004||||xxc|||||o f|0| 0 eng|d |
| 040 | |aCaOODSP|beng |
| 043 | |an-cn--- |
| 086 | 1 |aFs76-3/2004-003E-PDF |
| 110 | 1 |aCanada. |bDepartment of Fisheries and Oceans. |bGulf Region. |
| 245 | 10|aPotential impacts of seismic energy on snow crab |h[electronic resource] |
| 260 | |aDartmouth - Nova Scotia : |bFisheries and Oceans Canada. |cOctober 2004. |
| 300 | |a5p. |
| 490 | 1 |aHabitat status report |v2004/003 |
| 590 | |a10-11-Supp|b2010-11-10 |
| 775 | 08|tImpacts possibles de la prospection sismique sur le crabe des neiges |w(CaOODSP)9.599697 |
| 830 | #0|aHabitat status report ;|v2004/003|w(CaOODSP)9.506228 |
| 856 | 40|ahttp://publications.gc.ca|qPDF|s58 KB|uhttps://publications.gc.ca/collections/collection_2010/mpo-dfo/Fs76-3-2004-003-eng.pdf|y2004/003 |